Diseño de investigación aplicado a ciencias del medio ambiente

Shranjeno v:
Bibliografske podrobnosti
Glavni avtor: Maza A., Carmen Luz de la (editora)
Drugi avtorji: Villanueva Nilo, Liliana (editora)
Format: Neznan
Jezik:angleščina
Izdano: Santiago, Chile: Universitaria, 2011
Izdaja:Primera edición.
Teme:
Oznake: Označite
Brez oznak, prvi označite!

MARC

LEADER 00000 a2200000 4500
003 CL-VaPUC
005 20240812121705.0
008 220414b2011 ||||| |||| 00| 0 eng d
999 |c 435359  |d 435357 
020 |a 9561123053 
040 |c Pontificia Universidad Católica de Valparaíso 
082 7 |a 333.70723 MAZ 2011  |2 22 
100 |a Maza A., Carmen Luz de la  |e editora  |9 540794 
245 1 |a Diseño de investigación aplicado a ciencias del medio ambiente  
250 |a Primera edición. 
260 |a Santiago, Chile:  |b Universitaria,   |c 2011 
300 |a 323 páginas  
583 |k Cristina María Rojas Aguilar  |c 20220414 
650 0 |a Medio ambiente  |9 257625  |x Investigaciones   |x Metodología  
700 |a Villanueva Nilo, Liliana  |9 585957  |e editora 
942 |2 ddc  |c BK 
952 |0 0  |1 0  |2 ddc  |4 0  |6 333_707230000000000_MAZ_2011  |7 0  |8 A  |9 582583  |a BIBHIS  |b BIBHIS  |c GEN  |d 2022-04-13  |e 3  |g 10225.33  |i 5650586  |o 333.70723 MAZ 2011  |p 5650586  |r 2025-01-20  |t 1  |v 10225.33  |w 2022-04-13  |y BK  |k HIS